| 000 | 00439nam a22001697a 4500 | ||
|---|---|---|---|
| 005 | 20251108173121.0 | ||
| 008 | 250721s1994 xx 000 0 eng d | ||
| 082 | 1 | 4 | _a301/ KOT |
| 100 | 1 | _akottak, Conrad phillip | |
| 245 | 1 | 0 | _aANTHROPOLOGY THE EXPLORATION OF HUMAN DIVERSITY / |
| 250 | _a6 ED | ||
| 264 | 1 |
_anew york : _bMcgraw-hill,inc, _c1994. |
|
| 300 | _a575 P | ||
| 650 | 1 | 7 | _aANTHROPOLOGY |
| 942 |
_2ddc _cBK |
||
| 999 |
_c96433 _d96433 |
||